000 00892nam a2200193 a 4500
008 060316s1990 ||||||||||||||||| || u
020 _a0582026970
020 _a0470216727
050 _aTK 6550 Gre
100 _aGreen, Derek Charles
245 1 0 _aRadio systems technology
260 _aHarlow
_bLongman Scientific & Technical Wiley
_c1990
300 _a251 p. : ill.
350 _a0.00
650 _aRADIO
995 _aMAIN LIBRARY OPEN ACCESS
_D0.00
_e722150
_FCBU-MAIN LIBRARY (Kitwe)
_H2
_I14.95
_jTK 6550 Gre
_M3
_UAVAILABLE
_y017714
_ZMain Library Open Access Collection
995 _aMAIN LIBRARY OPEN ACCESS
_D0.00
_e725085
_FCBU-MAIN LIBRARY (Kitwe)
_H3
_I14.95
_jTK 6550 Gre
_M1
_UAVAILABLE
_y017712
_ZMain Library Open Access Collection
995 _aMAIN LIBRARY OPEN ACCESS
_D0.00
_e017713
_FCBU-MAIN LIBRARY (Kitwe)
_H1
_I14.95
_jTK 6550 Gre
_M2
_ULOST
_y017713
_ZMain Library Open Access Collection
999 _c79946
_d79946